| 000 | 00494nam a2200133 4500 | ||
|---|---|---|---|
| 008 | 150730b xxu||||| |||| 00| 0 eng d | ||
| 020 | _a0953226514 | ||
| 050 | _aHV 1568 .C37 2002 | ||
| 100 |
_aHartley, Sally. _d2002 |
||
| 245 |
_aCBR a participatory strategy in Africa: _bbased on the proceedings of a conference Uganda, September 2001 _cSally Hartley. |
||
| 260 |
_aLondon: _bUniversity College London, _c2001. |
||
| 300 | _axiv, 249p. | ||
| 942 |
_2lcc _cBOOKS _hHV 1568 .C37 2002 _04 |
||
| 999 |
_c2744 _d2744 |
||